Финансовые рынки и институты (Запись № 11079010)

Подробности
000 -МАРКЕР
контрольное поле 02423nam0a2200349 i 4500
001 - ИДЕНТИФИКАТОР ЗАПИСИ
контрольное поле RU\NLR\BIBL_A\011321141
005 - ИДЕНТИФИКАТОР ВЕРСИИ
контрольное поле 20240921212628.0
010 ## - МЕЖДУНАРОДНЫЙ СТАНДАРТНЫЙ НОМЕР КНИГИ (ISBN)
Номер (ISBN) 9785000811146
Тираж 100
021 ## - НОМЕР ГОСУДАРСТВЕННОЙ РЕГИСТРАЦИИ
Код страны Российская Федерация
Номер 2016-102360
Номер Листа государственной регистраци 6816
035 ## - ДРУГИЕ СИСТЕМНЫЕ НОМЕРА
Идентификатор записи (NLR Aleph) 011321141
100 ## - ДАННЫЕ ОБЩЕЙ ОБРАБОТКИ
Данные общей обработки 20170206d2016 k y0rusy50 ca
101 0# - ЯЗЫК РЕСУРСА
Язык текста, звукозаписи и т.д. русский
Язык резюме английский
102 ## - СТРАНА ПУБЛИКАЦИИ ИЛИ ПРОИЗВОДСТВА
Страна публикации Российская Федерация
105 ## - ПОЛЕ КОДИРОВАННЫХ ДАННЫХ: ТЕКСТОВЫЕ МАТЕРИАЛЫ, МОНОГРАФИЧЕСКИЕ
Кодированные данные о монографическом текстовом документе y j 000zy
200 1# - ЗАГЛАВИЕ И СВЕДЕНИЯ ОБ ОТВЕТСТВЕННОСТИ
Основное заглавие Финансовые рынки и институты
Сведения, относящиеся к заглавию учебное пособие для магистров
-- по направлениям подготовки 38.04.08 "Финансы и кредит", 38.03.02 "Менеджмент"
Первые сведения об ответственности Н.А. Мардеян, Ф.А. Каирова, З.Б. Тедеева
Последующие сведения об ответственности Федер. гос. образоват. бюджет. учреждение высш. образования "Финансовый ун-т при Правительстве Рос. Федерации", (Финансовый ун-т) Владикавказ. фил., Каф. "Экономика и финансы"
210 ## - ПУБЛИКАЦИЯ, РАСПРОСТРАНЕНИЕ И ДР.
Место издания, распространения и т.д. Владикавказ
Имя издателя, распространителя и т. д. ФГОБУ ВО "Финансовый университет при Правительстве Российской Федерации" (финуниверситет), Владикавказский филиал
-- ИПЦ ИП Цопанова А.Ю.
Дата издания, распространения и т.д. 2016
215 ## - ФИЗИЧЕСКАЯ ХАРАКТЕРИСТИКА
Специфическое обозначение материала и объем 180 с.
Размеры 20
300 ## - ОБЩИЕ ПРИМЕЧАНИЯ
Текст примечания Рез. на англ. яз.
320 ## - ПРИМЕЧАНИЯ О НАЛИЧИИ В ДОКУМЕНТЕ БИБЛИОГРАФИИ / УКАЗАТЕЛЯ
Текст примечания Библиогр.: с. 179-180 (18 назв.)
606 1# - НАИМЕНОВАНИЕ ТЕМЫ КАК ПРЕДМЕТ
Наименование темы Рынки финансовые
Формальный подзаголовок Учебные издания для высших учебных заведений
Географический подзаголовок Российская Федерация
Системный номер авторитетной/нормативной записи 2189101
Идентификатор авторитетной/нормативной записи RU\NLR\AUTH\661316010
606 1# - НАИМЕНОВАНИЕ ТЕМЫ КАК ПРЕДМЕТ
Наименование темы Финансовые учреждения
Формальный подзаголовок Учебные издания для высших учебных заведений
Географический подзаголовок Российская Федерация
Системный номер авторитетной/нормативной записи 2126548
Идентификатор авторитетной/нормативной записи RU\NLR\AUTH\661283514
686 1# - ИНДЕКСЫ ДРУГИХ КЛАССИФИКАЦИЙ
Индекс У26(2)229.5я73
686 1# - ИНДЕКСЫ ДРУГИХ КЛАССИФИКАЦИЙ
Индекс У26(2)210я73
700 #1 - ИМЯ ЛИЦА - ПЕРВИЧНАЯ ОТВЕТСТВЕННОСТЬ
Графика поля Кириллица
Материалы, к которым относится поле rus
Начальный элемент ввода Мардеян
Часть имени, кроме начального элемента ввода Н. А.
Расширение инициалов личного имени Ноэми Аристокесовна
Системный номер авторитетной/нормативной записи 170107
Идентификатор авторитетной/нормативной записи RU\NLR\AUTH\770170157
701 #1 - ИМЯ ЛИЦА - АЛЬТЕРНАТИВНАЯ ОТВЕТСТВЕННОСТЬ
Графика поля Кириллица
Материалы, к которым относится поле rus
Начальный элемент ввода Каирова
Часть имени, кроме начального элемента ввода Ф. А.
Расширение инициалов личного имени Фатима Асламбековна
Системный номер авторитетной/нормативной записи 170072
Идентификатор авторитетной/нормативной записи RU\NLR\AUTH\770170122
701 #1 - ИМЯ ЛИЦА - АЛЬТЕРНАТИВНАЯ ОТВЕТСТВЕННОСТЬ
Графика поля Кириллица
Материалы, к которым относится поле rus
Начальный элемент ввода Тедеева
Часть имени, кроме начального элемента ввода З. Б.
Расширение инициалов личного имени Залина Батрадзовна
Системный номер авторитетной/нормативной записи 170092
Идентификатор авторитетной/нормативной записи RU\NLR\AUTH\770170142
942 ## - ДОПОЛНИТЕЛЬНЫЕ ЭЛЕМЕНТЫ ЗАПИСИ (АБИС)
Тип экземпляра АБИС Книга
980 ## - КОЛЛЕКЦИЯ
Название коллекции НБР

Нет доступных экземпляров.